[Event "22nd GP Open A"]
[Site "Le Touquet FRA"]
[Date "2007.11.02"]
[Round "9"]
[White "Kunin,V"]
[Black "Feller,S"]
[Result "0-1"]
[WhiteElo "2507"]
[BlackElo "2513"]

1.d4 Nf6 2.Bg5 Ne4 3.Bf4 d5 4.f3 Nf6 5.Nc3 c5 6.e3 e6 7.Nb5 Na6 8.g4 Bd7
9.a4 c4 10.b3 Qa5+ 11.Kf2 Bxb5 12.axb5 Qxb5 13.bxc4 dxc4 14.Qb1 Qc6 15.Bxc4 Nb4
16.Qf1 Nd7 17.Bb3 Bd6 18.Ba4 Qc7 19.Bxd6 Qxd6 20.Qb5 Rb8 21.c3 Nc6 22.Bc2 O-O
23.Ne2 Rfe8 24.Ng3 Nf6 25.Qd3 g6 26.g5 Nd7 27.h4 f5 28.gxf6 Nxf6 29.h5 Rf8
30.Rag1 g5 31.Ne4 Nxe4+ 32.Qxe4 Rf5 33.Qh4 h6 34.Bxf5 exf5 35.Qh3 Qd5 36.Re1 b5
37.Re2 b4 38.c4 Qf7 39.Ra1 b3 40.Qh2 f4 41.Rg1 Nb4 42.Kg2 Nd3 43.d5 Re8 44.Rb1 g4
45.Qg1 Kh7 46.Kf1 gxf3 47.Qg6+ Qxg6 48.hxg6+ Kxg6 49.Rd2 Rxe3 50.d6 f2 51.Re2 Rg3
52.Rxf2 Nxf2 53.d7 Rd3 54.Rxb3 Rxd7 55.Kxf2 Rc7 56.Ra3 Kf5 57.Kf3 Ke5 58.Ra5+ Kd4
59.Ra1 Rf7 60.Ra4 Kc5 61.Ra6 Kxc4 62.Rxh6 a5 63.Rc6+ Kb3 64.Rb6+ Ka3 65.Rb8 a4
66.Rb6 Ka2 67.Rb8 a3 68.Rb6 Ka1 69.Rb3 a2 70.Rb8 Re7 71.Kxf4 Re2 72.Kf3 Rb2  0-1

[Event "ETCC w"]
[Site "Crete GRE"]
[Date "2007.11.03"]
[Round "6"]
[White "Hoang Thanh Trang"]
[Black "Lahno,Kateri"]
[Result "1/2-1/2"]
[WhiteElo "2466"]
[BlackElo "2459"]

1.d4 Nf6 2.Bg5 Ne4 3.Bf4 c5 4.f3 Qa5+ 5.c3 Nf6 6.Nd2 cxd4 7.Nb3 Qd8 8.cxd4 e6
9.Rc1 Nc6 10.e4 Bb4+ 11.Bd2 O-O 12.Bd3 Qb6 13.Ne2 Bxd2+ 14.Qxd2 d6 15.Qc3 Bd7
16.Nd2 Nb4 17.Bb1 Rfc8 18.Nc4 Qb5 19.a3 Na6 20.b3 d5 21.a4 Qb4 22.Qxb4 Nxb4
23.exd5 Nbxd5 24.Kd2 Kf8 25.Be4 Ke7 26.Ne5 Be8 27.Nc3 Nxc3 28.Rxc3 Rxc3 29.Kxc3 Nd5+
30.Bxd5 exd5 31.Kd2 Kd6 32.Rc1 a5 33.Ng4 b6 34.Ne3 Bd7 35.g3 Rb8 36.Rc3 f6
37.Nc2 b5 38.axb5 Rxb5 39.Ne3 Rb4 40.Nc2 Rb8 41.Ne3 Rb5 42.Kc2 h5 43.Rd3 Rb8
44.Rc3 Rb5 45.Rd3 g6 46.Rd1 a4 47.bxa4 Rb4 48.Kc3 Bxa4 49.Rb1 Bc6  1/2-1/2

[Event "VIII Int Rapid"]
[Site "El Sauzal ESP"]
[Date "2007.11.03"]
[Round "4"]
[White "Natalicchio Escalante,N"]
[Black "Martin Luis,C"]
[Result "0-1"]
[WhiteElo "2153"]
[BlackElo "2246"]

1.d4 Nf6 2.Bg5 Ne4 3.Bf4 d6 4.f3 Nf6 5.e4 Nbd7 6.Nc3 e5 7.Be3 c6 8.a4 Be7
9.Bc4 O-O 10.Nge2 exd4 11.Nxd4 d5 12.exd5 Nb6 13.Be2 Nbxd5 14.Nxd5 Nxd5 15.Bf2 Bg5
16.Qd3 Nf4 17.Qc3 Nxg2+ 18.Kf1 Bh3 19.Kg1 Bf4 20.Bg3 Qg5 21.Bxf4 Nxf4+ 22.Kf2 Qg2+  0-1

[Event "KNSB TCh-NED 2007-8"]
[Site "Netherlands NED"]
[Date "2007.11.03"]
[Round "3"]
[White "Ris,R"]
[Black "Visser,Y"]
[Result "0-1"]
[WhiteElo "2381"]
[BlackElo "2470"]

1.d4 Nf6 2.Bg5 Ne4 3.Bf4 d5 4.e3 c5 5.Bd3 cxd4 6.Bxe4 dxe4 7.exd4 Nc6 8.Ne2 e5
9.dxe5 Qxd1+ 10.Kxd1 Bg4 11.Nc3 O-O-O+ 12.Kc1 h6 13.h3 Bxe2 14.Nxe2 g5 15.Bg3 Bg7
16.Nc3 Nxe5 17.Bxe5 Bxe5 18.Nxe4 Rd5 19.a4 Re8 20.Kb1 f5 21.Ng3 Bd6 22.Ka2 Bxg3
23.fxg3 Re2 24.h4 Rxg2 25.hxg5 hxg5 26.Rag1 Rxc2 27.Rh5 Rc4 28.Rxg5 Rxa4+
29.Kb1 Rg4 30.Rc1+ Kd7 31.Rxg4 fxg4 32.Rc4 Rg5 33.Rf4 a5 34.b3 Kc6 35.Kb2 b5
36.Rd4 Kc5 37.Rf4 Kd5 38.Kc3 Ke5 39.Kb2 Rg8 40.Kb1 b4 41.Kb2 Kd5 42.Kb1 Kc5
43.Kc2 Rg5 44.Kb2 Kb5 45.Ka2 a4 46.Kb2 a3+ 47.Ka2 Re5 48.Rf2 Re3 49.Rf5+ Kc6
50.Rf4 Kc5 51.Rc4+ Kb5 52.Rxg4 Re2+ 53.Ka1 Rb2 54.Rg5+ Kc6 55.g4 Rxb3 56.Rg6+ Kc5
57.g5 Rg3  0-1

[Event "VIII Int Rapid"]
[Site "El Sauzal ESP"]
[Date "2007.11.04"]
[Round "6"]
[White "Mendivil Anton,D"]
[Black "Meneses Gonzalez,K"]
[Result "1-0"]
[WhiteElo "2271"]
[BlackElo "1882"]

1.d4 Nf6 2.Bg5 Ne4 3.Bh4 g5 4.f3 gxh4 5.fxe4 e5 6.Nc3 Bh6 7.Nf3 exd4 8.Qxd4 O-O
9.e5 Nc6 10.Qg4+ Kh8 11.Qh5 Bg7 12.Ng5 h6 13.Nxf7+ Rxf7 14.Qxf7 Nxe5 15.Qf4 Ng6
16.Qf7 Ne5  1-0

[Event "ch-IND w"]
[Site "Pune IND"]
[Date "2007.11.08"]
[Round "4"]
[White "Sangeetha,M"]
[Black "Soumya,Sw"]
[Result "0-1"]
[WhiteElo "2118"]
[BlackElo "2244"]

1.d4 Nf6 2.Bg5 Ne4 3.Bf4 c5 4.f3 Qa5+ 5.c3 Nf6 6.d5 d6 7.e4 g6 8.Na3 Nbd7
9.Nc4 Qc7 10.a4 Bg7 11.Qd2 O-O 12.g4 Ne5 13.Nxe5 dxe5 14.Bh6 Bxh6 15.Qxh6 c4
16.h4 e6 17.d6 Qxd6 18.Rd1 Qe7 19.h5 Bd7 20.Bxc4 Bxa4 21.b3 Bd7 22.Ne2 Rfd8
23.Ng3 b5 24.g5 Ng4 25.fxg4 bxc4 26.hxg6 fxg6 27.b4 Rf8 28.Rd2 a5 29.b5 Rf7
30.Rdh2 Rg7 31.b6 Rb8 32.O-O Rxb6 33.Rhf2 Rb8 34.Rf6 a4 35.Qh2 a3 36.Qf2 Ba4
37.Qe2 Bb3 38.Ra1 a2 39.Nf1 Qc5+ 40.Kh1 Rd7 41.Rxe6 Rbd8 42.Ne3 Rd3 43.Nf1 Rd1
44.Rxd1 Rxd1 45.Re8+ Kf7 46.Ra8 Ke6 47.Rxa2 Rxf1+ 48.Qxf1 Bxa2 49.Qf6+ Kd7
50.Qa6 Bb3 51.Qb7+ Qc7 52.Qd5+ Qd6 53.Qf7+ Kc6 54.Qe8+ Kb6 55.Qf7 Qd1+ 56.Kh2 Qe2+
57.Kg3 Qxe4 58.Qf6+ Qc6 59.Kf2 e4 60.Ke3 Bc2 61.Qd8+ Kb5 62.Qf6 Bd3 63.Kd2 Qb6
64.Qf8 Ka4 65.Qf6 e3+  0-1

[Event "WYb14"]
[Site "Kemer TUR"]
[Date "2007.11.19"]
[Round "2"]
[White "Kazantzidis,I"]
[Black "Van Kampen,R"]
[Result "0-1"]
[WhiteElo "2111"]
[BlackElo "2033"]

1.d4 Nf6 2.Bg5 Ne4 3.Bh4 d5 4.e3 c5 5.Bd3 Nf6 6.dxc5 Nc6 7.Bb5 Bd7 8.Nc3 e6
9.Bxc6 Bxc6 10.b4 d4 11.exd4 Bxg2 12.f3 Bxh1 13.Bf2 Be7 14.Qd3 Nd5 15.Nxd5 Qxd5
16.c4 Qf5  0-1

[Event "WYg18"]
[Site "Kemer TUR"]
[Date "2007.11.21"]
[Round "4"]
[White "Corke,A"]
[Black "Kiran,M"]
[Result "1-0"]
[WhiteElo "2209"]
[BlackElo "2263"]

1.d4 Nf6 2.Bg5 Ne4 3.Bf4 e6 4.Nd2 Nxd2 5.Qxd2 d5 6.e3 c5 7.Nf3 Nc6 8.c3 Bd6
9.Bg3 a6 10.dxc5 Bxc5 11.Bd3 Be7 12.e4 b5 13.Qc2 Bb7 14.Rd1 d4 15.Be2 Qa5
16.Nxd4 Nxd4 17.Rxd4 Qxa2 18.O-O Bc5 19.Rdd1 Qa4 20.Qd2 b4 21.cxb4 Be7 22.b5 Rd8
23.Qc3 axb5 24.Rxd8+ Bxd8 25.Qxg7 Rf8 26.Bd6 Be7 27.Bxe7 Kxe7 28.Qg5+ f6
29.Qc5+ Kf7 30.Qc7+  1-0

[Event "20th Belgrade Trophy"]
[Site "Belgrade SRB"]
[Date "2007.11.22"]
[Round "1"]
[White "Radojkovic,V"]
[Black "Simic,R"]
[Result "1/2-1/2"]
[WhiteElo "2037"]
[BlackElo "2394"]

1.d4 Nf6 2.Bg5 Ne4 3.h4 c5 4.dxc5 Nxg5 5.hxg5 e6 6.Nf3 Bxc5 7.e3 Nc6 8.Nbd2 Be7
9.c3 d5 10.g6 fxg6 11.Qc2 Kd7 12.Bb5 Bf6 13.O-O-O a6 14.Bxc6+ bxc6 15.Nc4 Qc7
16.g4 Ke7  1/2-1/2

[Event "WYb18"]
[Site "Kemer TUR"]
[Date "2007.11.24"]
[Round "7"]
[White "Popov,Iv RUS"]
[Black "Pruijssers,R"]
[Result "1-0"]
[WhiteElo "2539"]
[BlackElo "2408"]

1.d4 Nf6 2.Bg5 Ne4 3.Bf4 c5 4.f3 Qa5+ 5.c3 Nf6 6.Nd2 cxd4 7.Nb3 Qb6 8.Qxd4 Qxd4
9.cxd4 e6 10.e4 d5 11.Rc1 Bb4+ 12.Bd2 Bxd2+ 13.Kxd2 O-O 14.e5 Nfd7 15.Bd3 b6
16.Rc7 Rd8 17.Ne2 Ba6 18.Nc3 Bxd3 19.Kxd3 a5 20.Na4 b5 21.Nac5 a4 22.Nxd7 Nxd7
23.Nc5 Nb6 24.Rc1 Rdc8 25.Rb7 Rab8 26.Rxb8 Rxb8 27.Na6 Ra8 28.Nc7 Rc8 29.Rc5 Nd7
30.Rc2 Rb8 31.Na6 Ra8 32.Rc6 b4 33.Nc5 Nxc5+ 34.dxc5 b3 35.a3 Kf8 36.Kd4 Ra7
37.Rc8+ Ke7 38.c6 f6 39.Kc5 d4 40.Kb6 d3 41.Kxa7  1-0

[Event "WYg18"]
[Site "Kemer TUR"]
[Date "2007.11.24"]
[Round "7"]
[White "Corke,A"]
[Black "Fuchs,Ju"]
[Result "0-1"]
[WhiteElo "2209"]
[BlackElo "2140"]

1.d4 Nf6 2.Bg5 Ne4 3.Bf4 c5 4.f3 Qa5+ 5.c3 Nf6 6.Nd2 cxd4 7.Nb3 Qb6 8.Qxd4 Nc6
9.Qxb6 axb6 10.Be3 Na5 11.Nd4 d6 12.Nb5 Kd7 13.Bf2 Nb3 14.Rd1 Rxa2 15.e4 Rxb2
16.e5 Ne8 17.Bxb6 Kc6 18.Be3 Bf5 19.Bc4 Be6 20.Bd3 Nc7 21.Nxc7 Kxc7 22.Ne2 g6
23.Kf2 Bg7 24.exd6+ exd6 25.Rb1 Bxc3 26.Rxb2 Bxb2 27.Rb1 Bg7 28.Bc2 Nc5 29.Nd4 Ra8
30.Nb5+ Kc6 31.Nd4+ Bxd4 32.Bxd4 Ra2 33.Bb2 Bb3 34.Bxb3 Nxb3 35.Ke3 Nc5 36.g4 b5
37.h4 b4 38.h5 b3 39.h6 Kd5 40.Rd1+ Ke6 41.Bd4 Ra7 42.Bb2 Ra4 43.Re1 Rc4
44.Kd2+ Kd5 45.Rd1 Kc6 46.Bc3 Na4 47.Bg7 Rc2+ 48.Kd3 Nb2+ 49.Bxb2 Rxb2 50.Rc1+ Rc2
51.Rb1 Rh2 52.Rxb3 Rxh6 53.Rb8 Kd7 54.Rh8 Rh3 55.Ke4 h5 56.g5 Rh1 57.Ra8 Re1+
58.Kd4 Re8 59.Ra7+ Ke6 60.Ra3 Rh8 61.Ke4 h4 62.Ra2 h3 63.Rh2 Rh4+ 64.f4 d5+
65.Ke3 Kf5 66.Rd2 h2  0-1

[Event "20th Belgrade Trophy"]
[Site "Belgrade SRB"]
[Date "2007.11.26"]
[Round "5"]
[White "Radojkovic,V"]
[Black "Zarkovic,M"]
[Result "1-0"]
[WhiteElo "2037"]
[BlackElo "1824"]

1.d4 Nf6 2.Bg5 Ne4 3.h4 c5 4.dxc5 Qa5+ 5.Nd2 Nxg5 6.hxg5 g6 7.Rh4 Nc6 8.Rc4 Bg7
9.c3 Ne5 10.Nb3 Qb5 11.Rh4 f6 12.Nf3 Nxf3+ 13.exf3 Qc6 14.gxf6 Bxf6 15.Re4 O-O
16.Bc4+ e6 17.Qd3 Bg5 18.Ke2 a6 19.a4 b6 20.cxb6 d5 21.Bxd5 exd5 22.Re5 Rf5
23.Rxf5 Bxf5 24.Qd4 Re8+ 25.Kf1 Re6 26.Nc5 Re8 27.Nxa6 Bd8 28.Nb4 Qxb6 29.Qxb6 Bxb6
30.Nxd5 Bd3+ 31.Kg1 Bd8 32.Nb4 Bc4 33.Nc6 Bc7 34.b4 Ra8 35.a5 Kf8 36.Rd1 Ke8
37.Rd4 Bb5 38.Re4+ Kd7 39.Nd4 Bd3 40.Rh4 h5 41.Nb3 Kc6 42.c4 Bc2 43.Nd4+  1-0

[Event "WYb18"]
[Site "Kemer TUR"]
[Date "2007.11.26"]
[Round "9"]
[White "Leon Hoyos,M"]
[Black "Pruijssers,R"]
[Result "1-0"]
[WhiteElo "2495"]
[BlackElo "2408"]

1.d4 Nf6 2.Bg5 Ne4 3.Bf4 d5 4.e3 c5 5.Bd3 Nf6 6.Nf3 Nc6 7.c3 Bg4 8.Nbd2 e6
9.Qa4 Nd7 10.O-O c4 11.Bb1 Be7 12.e4 Bh5 13.Re1 O-O 14.exd5 exd5 15.Bf5 Bg6
16.Bxd7 Qxd7 17.Ne5 Nxe5 18.Qxd7 Nxd7 19.Rxe7 Bf5 20.Rae1 b5 21.f3 Nb6 22.Nf1 Be6
23.Ng3 Rfe8 24.Rb7 Red8 25.Nh5 Rd7 26.Rc7 Na4 27.Rxd7 Bxd7 28.Re7 Be6 29.Be5 Kf8
30.Rb7 Nxb2 31.Bxg7+ Kg8 32.Bh6 Na4 33.f4 Nxc3 34.f5 Bxf5 35.Nf6+ Kh8 36.Rxf7 Rg8
37.Nxg8 Be6 38.Re7 Kxg8 39.Rxe6 Kf7 40.Ra6 Ne2+ 41.Kf2 Nxd4 42.Ke3 Nc2+ 43.Kd2  1-0

[Event "Open"]
[Site "Rijeka CRO"]
[Date "2007.11.26"]
[Round "2"]
[White "Miladinovic,I"]
[Black "Hirneise,T"]
[Result "1-0"]
[WhiteElo "2603"]
[BlackElo "2287"]

1.d4 Nf6 2.Bg5 Ne4 3.h4 c5 4.dxc5 h6 5.Bf4 Nc6 6.Nd2 Nxc5 7.e4 d5 8.exd5 Qxd5
9.Ngf3 Bg4 10.Be3 O-O-O 11.Be2 e5 12.O-O e4 13.Nd4 Bxe2 14.Nxe2 Bd6 15.Nc3 Qe5
16.Qg4+ f5 17.Qh3 Be7 18.Rae1 Kb8 19.Nc4 Qe6 20.b3 Qf7 21.Qg3+ Ka8 22.Nb5 Ne6
23.Bxa7 b6 24.Bxb6 f4 25.Qh3 Ng5 26.hxg5 hxg5 27.Qe6  1-0

[Event "20th Belgrade Trophy"]
[Site "Belgrade SRB"]
[Date "2007.11.27"]
[Round "6"]
[White "Marcetic,N"]
[Black "Brenjo,S"]
[Result "0-1"]
[WhiteElo "2379"]
[BlackElo "2481"]

1.d4 Nf6 2.Bg5 Ne4 3.Bf4 c5 4.f3 Qa5+ 5.c3 Nf6 6.Nd2 cxd4 7.Nb3 Qb6 8.Qxd4 Nc6
9.Qxb6 axb6 10.a3 e5 11.Be3 d5 12.Bxb6 d4 13.e4 Nd7 14.Bc7 dxc3 15.bxc3 Nc5
16.Nxc5 Bxc5 17.Bb5 f6 18.Rd1 Ke7 19.Rd5 Bxa3 20.Bb6 Be6 21.Rd1 Na5 22.Ne2 Nc4
23.Bxc4 Bxc4 24.Ng3 g6 25.Nf1 Ra6 26.Ne3 Ba2 27.c4 Rc8 28.Nd5+ Kf7 29.Be3 Rxc4
30.O-O Rc2 31.Rf2 Rac6 32.Ra1 Rxf2 33.Kxf2 Rc2+ 34.Kg3 b5 35.Bf2 f5 36.Be1 f4+
37.Kh3 Bc5 38.Bb4 Bxd5 39.Bxc5  0-1

[Event "WYg18"]
[Site "Kemer TUR"]
[Date "2007.11.28"]
[Round "11"]
[White "Corke,A"]
[Black "Herrera,Mil"]
[Result "1-0"]
[WhiteElo "2209"]
[BlackElo "2021"]

1.d4 Nf6 2.Bg5 Ne4 3.Bf4 c5 4.f3 Nf6 5.dxc5 Qa5+ 6.Nc3 Qxc5 7.e4 d6 8.Qd2 Be6
9.Nge2 Nc6 10.Be3 Qa5 11.Nd4 Nxd4 12.Bxd4 a6 13.Be2 Bd7 14.O-O e5 15.Be3 Be7
16.Kh1 Qc7 17.Rad1 Bc6 18.Bc4 O-O 19.Bb3 b5 20.Bg5 Rad8 21.a3 Kh8 22.Bxf6 Bxf6
23.Qe3 h6 24.Rd3 Bg5 25.Qe2 f5 26.Rdd1 fxe4 27.fxe4 Qe7 28.Nd5 Bxd5 29.Bxd5 Bf4
30.Rf3 Rc8 31.Rdf1 Rf6 32.c4 bxc4 33.Bxc4 a5 34.b3 Qc7 35.g3 Bg5 36.h4 Rxf3
37.Rxf3 Bf6 38.a4 Qc5 39.Qd2 Qc7 40.Kg2 Rf8 41.Rd3 Be7 42.Rd5 Rc8 43.Rb5 Bd8
44.Qd5 Kh7 45.Qg8+ Kg6 46.Qe8+ Kh7  1-0

[Event "TCh-AUT 1st Bundesliga 2007-8"]
[Site "Baden AUT"]
[Date "2007.12.02"]
[Round "3"]
[White "Loeffler,S"]
[Black "Kopinits,A"]
[Result "1-0"]
[WhiteElo "2409"]
[BlackElo "2178"]

1.d4 Nf6 2.Bg5 Ne4 3.Bf4 d5 4.e3 e6 5.Bd3 c5 6.Bxe4 dxe4 7.Nc3 cxd4 8.Qxd4 Qxd4
9.exd4 Bb4 10.Ne2 Bd7 11.O-O-O Bc6 12.d5 exd5 13.Nxd5 Na6 14.Ng3 O-O-O 15.Nxb4 Nxb4
16.Nf5 Nd5 17.Bg3 g6 18.Nd6+ Rxd6 19.Bxd6 e3 20.Bc5 e2 21.Rd2 Nf4 22.Re1 Bb5
23.g3 Ne6 24.Be3 h6 25.c4 Bc6 26.Rexe2  1-0

[Event "FSGM December"]
[Site "Budapest HUN"]
[Date "2007.12.07"]
[Round "7"]
[White "Bui Vinh"]
[Black "Ilincic,Z"]
[Result "0-1"]
[WhiteElo "2461"]
[BlackElo "2545"]

1.d4 Nf6 2.Bg5 Ne4 3.Bf4 d5 4.e3 Nd7 5.Bd3 Ndf6 6.Ne2 c5 7.O-O c4 8.Bxe4 Nxe4
9.Nbc3 g5 10.Be5 f6 11.Nxe4 dxe4 12.Bg3 h5 13.h3 h4 14.Bh2 Bf5 15.Nc3 Qd7
16.f3 exf3 17.Qxf3 Bxc2 18.Nd5 Kf7 19.e4 Bg7 20.e5 Rad8 21.exf6 exf6 22.Nxf6 Qxd4+
23.Kh1 Bxf6 24.Rae1 Kg6 25.Re6 Rhf8 26.Qxb7 Bf5 27.Ree1 Qd5 28.Qxa7 Bxh3  0-1

[Event "15th Salona"]
[Site "Solin CRO"]
[Date "2007.12.07"]
[Round "1"]
[White "Stefanova,A"]
[Black "Kurajica,B"]
[Result "1-0"]
[WhiteElo "2463"]
[BlackElo "2554"]

1.d4 Nf6 2.Bg5 Ne4 3.Bf4 d5 4.e3 c5 5.Bd3 cxd4 6.Bxe4 dxe4 7.exd4 Nc6 8.d5 e5
9.Bg3 Ne7 10.Nc3 Ng6 11.h4 Bb4 12.h5 Bxc3+ 13.bxc3 Ne7 14.h6 gxh6 15.Bxe5 Rg8
16.d6 Nc6 17.Bg3 Rg6 18.Rb1 Qa5 19.Ne2 Bg4 20.Rxb7 Rd8 21.Rc7 Qa6 22.Qd2 e3
23.fxe3 Rdxd6 24.Bxd6 Rxd6 25.Rxc6 Rxc6 26.Qd3 Bxe2 27.Kxe2 Qxa2 28.Rh4 Qa6
29.c4 Re6 30.Qxh7 Qc6 31.Qg8+ Ke7 32.Rd4 Rd6 33.Rxd6 Qxd6 34.Qc8 a5 35.c5 Qd5
36.Qc7+ Ke6 37.Qxa5 Qxg2+ 38.Kd1 Qd5+ 39.Kc1 h5 40.Qc7 Qe5 41.Qb6+ Ke7 42.c6 h4
43.Qb7+ Ke6 44.c7 Qa1+ 45.Kd2 Qa5+ 46.Kd1  1-0

[Event "ch-Central Serbia"]
[Site "Vrnjacka Banja SRB"]
[Date "2007.12.11"]
[Round "3"]
[White "Jovanovic,Miro1"]
[Black "Sredojevic,I"]
[Result "0-1"]
[WhiteElo "2052"]
[BlackElo "2357"]

1.d4 Nf6 2.Bg5 Ne4 3.Bf4 c5 4.c3 Qb6 5.Qb3 Qf6 6.Be3 cxd4 7.Bxd4 Qf4 8.Be3 Qc7
9.f3 Nc5 10.Qc2 d5 11.Nd2 e5 12.Bf2 Be7 13.e4 dxe4 14.Nxe4 Nbd7 15.Nxc5 Bxc5
16.Bd3 Bxf2+ 17.Qxf2 Nc5 18.Bb5+ Kf8 19.Qh4 Be6 20.Qb4 Kg8 21.Be2 g6 22.h4 a5
23.Qa3 Kg7 24.Nh3 e4 25.O-O-O b5 26.Bxb5 Bxh3 27.Rxh3 Rab8 28.Be2 Qf4+ 29.Kc2 Qe3
30.Bf1 Rhd8 31.c4 Qf2+ 32.Kc1 Rxd1+ 33.Kxd1  0-1

[Event "ch-Central Serbia"]
[Site "Vrnjacka Banja SRB"]
[Date "2007.12.12"]
[Round "4"]
[White "Jovanovic,Miro1"]
[Black "Pantic,I"]
[Result "1-0"]
[WhiteElo "2052"]
[BlackElo "2192"]

1.d4 Nf6 2.Bg5 Ne4 3.Bf4 c5 4.f3 Qa5+ 5.c3 Nf6 6.Nd2 cxd4 7.Nb3 Qd8 8.cxd4 d6
9.e4 g6 10.Bb5+ Bd7 11.Bxd7+ Nbxd7 12.Ne2 Bg7 13.Qd2 Rc8 14.O-O O-O 15.Rac1 Nb6
16.Rxc8 Qxc8 17.Rc1 Qd7 18.Qa5 Ra8 19.Nd2 Nh5 20.Be3 d5 21.e5 Bf8 22.g4 Ng7
23.Nf4 f6 24.Nd3 Ne6 25.h3 Bg7 26.f4 fxe5 27.fxe5 h5 28.Nf2 Kh7 29.gxh5 gxh5
30.Qc3 Kh8 31.Qd3 Rg8 32.Kh1 Nf8 33.Rg1 Nh7 34.Qg6 Qe8 35.Qg2 e6 36.Nf3 Nd7
37.Qg6 Qxg6 38.Rxg6 Re8 39.Rg1 Rc8 40.Rc1 Rc6 41.Nd3 Bf8 42.Rxc6 bxc6 43.Nf4 Bh6
44.Nxd5 cxd5 45.Bxh6 Kg8 46.Kg2 Kf7 47.Nh4 a5 48.b3 Nb8 49.a4 Nc6 50.Be3 Nf8
51.Kf3 Na7 52.Bd2 Nc6 53.Ke3 Nd7 54.Bc3 Nb6 55.b4 Kg7 56.Ng2 Nd7 57.Nf4 Nf8
58.Nxh5+ Kg6 59.Nf4+ Kg5 60.Nd3 Ng6 61.Be1 Nge7 62.Nc5 Nf5+ 63.Kd3 Nfxd4
64.Bc3 Nf3 65.Nxe6+ Kf5 66.Nd4+ Ncxd4 67.Bxd4 Ne1+ 68.Kd2 Nf3+ 69.Ke3 Nh4
70.Kd3 Ng2 71.Bb6 Kxe5 72.Bc7+ Ke6 73.Bg3 Kd7 74.Kd4 Ke6 75.h4 Kf5 76.Kxd5 Kg4
77.Bf2 Nf4+ 78.Kc4 Kf3 79.Be1 Ng2 80.h5 Ne3+ 81.Kb5 Nf5 82.Kxa5 Kg4 83.b5 Kxh5
84.Ka6 Kg6 85.b6 Nd6 86.Bb4 Nc4 87.Kb5 Ne5  1-0

[Event "Open A"]
[Site "Zadar CRO"]
[Date "2007.12.22"]
[Round "9"]
[White "Martinovic,Sa"]
[Black "Kurajica,B"]
[Result "1-0"]
[WhiteElo "2362"]
[BlackElo "2554"]

1.d4 Nf6 2.Bg5 Ne4 3.Bf4 d5 4.e3 c5 5.Bd3 cxd4 6.Bxe4 dxe4 7.Qxd4 Qxd4 8.exd4 Nc6
9.c3 h5 10.Nd2 Bf5 11.h4 O-O-O 12.Ne2 Re8 13.d5 Nb8 14.Ng3 Bg6 15.O-O-O e5
16.dxe6 Rxe6 17.Rhe1 Bc5 18.Ndxe4 Rhe8 19.Rd5 Be7 20.f3 Nd7 21.Red1 Nb6 22.Ra5 a6
23.Bd6 Nd7 24.Bxe7 R8xe7 25.Nd6+ Kc7 26.Ngf5 Re5 27.Nxe7 Rxa5 28.Nxg6 fxg6
29.Nxb7 Re5 30.Rd2 Re1+ 31.Kc2 Rh1 32.Nd6 Nf6 33.b4 Rxh4 34.a4 Rh2 35.Ne4 Nxe4
36.fxe4 g5 37.e5 Rh1 38.Kd3 g4 39.Ke4 h4 40.Kf4 g3 41.Kg4 g5 42.Kxg5 h3 43.gxh3 Rh2
44.Rd1 g2 45.Rg1 Rxh3 46.Rxg2 Rxc3 47.Rb2 Re3 48.Kf6  1-0

[Event "Abierto"]
[Site "Pamplona ESP"]
[Date "2007.12.23"]
[Round "3"]
[White "Puerto Traver,J"]
[Black "Martinez Martin,D"]
[Result "1/2-1/2"]
[WhiteElo "2130"]
[BlackElo "2400"]

1.d4 Nf6 2.Bg5 Ne4 3.Bf4 d5 4.e3 Bf5 5.Bd3 e6 6.Nd2 Nxd2 7.Qxd2 Bxd3 8.cxd3 Nc6
9.Ne2 f6 10.O-O e5 11.dxe5 fxe5 12.Bg3 Be7 13.Rac1 O-O 14.Rxc6 bxc6 15.Bxe5 Bd6
16.Qc3 Bxe5 17.Qxe5 Qd7 18.Qc3 Rf6 19.d4 Qf5 20.Nf4 Re8 21.h4 g6 22.Qa5 Qd7
23.Nd3 Qg4 24.Ne5 Qxh4 25.Qxc7 g5 26.Qd7 Ref8 27.f3 Kh8  1/2-1/2

[Event "Premier"]
[Site "Hastings ENG"]
[Date "2007.12.28"]
[Round "1"]
[White "Garnett,J"]
[Black "McClement,A"]
[Result "1/2-1/2"]
[WhiteElo "2032"]
[BlackElo "1594"]

1.d4 Nf6 2.Bg5 Ne4 3.Bf4 c5 4.f3 Qa5+ 5.c3 Nf6 6.d5 Qb6 7.b3 d6 8.e4 g6 9.Nd2 Nbd7
10.Nc4 Qc7 11.a4 Bg7 12.Bd3 Nh5 13.Bd2 Ne5 14.Nxe5 dxe5 15.Ne2 O-O 16.Qc1 e6
17.c4 Qd6 18.Rb1 f5 19.b4 b6 20.bxc5 bxc5 21.O-O Bd7 22.a5 Rab8 23.Qc2 Nf4
24.Nxf4 exf4 25.exf5 exf5 26.Rxb8 Rxb8 27.Rb1 Bd4+ 28.Kf1 Kf7 29.Rxb8 Qxb8
30.Qb1 Qc7 31.Qe1 Kf6 32.g3 fxg3 33.hxg3 Qe5 34.Qxe5+ Bxe5 35.f4 Bd4 36.Ke2 a6
37.Be3 Bxe3 38.Kxe3 Ke7 39.Be2 Kf7 40.Bf3 Bc8 41.Kd3 Kf6 42.Bd1 Bd7 43.Bf3  1/2-1/2

[Event "37th Rilton Cup"]
[Site "Stockholm SWE"]
[Date "2008.01.02"]
[Round "6"]
[White "Bellon Lopez,JuM"]
[Black "Kulaots,K"]
[Result "1/2-1/2"]
[WhiteElo "2434"]
[BlackElo "2547"]

1.d4 Nf6 2.Bg5 Ne4 3.Bh4 c5 4.Nd2 d5 5.Nxe4 dxe4 6.dxc5 Qxd1+ 7.Rxd1 Na6
8.e3 Nxc5 9.Ne2 Bd7 10.Nc3 Rc8 11.Bg3 f6 12.Nb5 e5 13.f4 exf3 14.gxf3 a6
15.Nc3 Ne6 16.f4 exf4 17.exf4 Bc6 18.Rg1 Bb4 19.Bh4 Be4 20.Rg3 O-O 21.a3 Bxc3+
22.bxc3 Nxf4 23.Rd4 f5 24.Kd2 h6 25.Be7 Rfe8 26.Bb4 Ne6 27.Rd7 Red8 28.Rxd8+ Rxd8+
29.Kc1 Kf7 30.Bc4 Bd5 31.Bd3 Kf6 32.c4 Be4 33.Bc3+ Kf7 34.Bxe4 fxe4 35.Re3 Nc5
36.Bb4 Rc8 37.Bxc5 Rxc5 38.Rxe4 g5 39.h4 Kf6 40.hxg5+ hxg5 41.Kd2 Re5 42.Rd4 Re7
43.c5 Kf5 44.Rd5+ Kf4 45.c6 bxc6 46.Rd6 g4 47.Rxc6 a5 48.Rf6+ Kg5 49.Rf8 g3
50.Kd3 Re5 51.c4 Kg4 52.Rg8+ Kf4 53.a4 Kf3 54.Rf8+ Kg4 55.Rg8+ Kf4 56.Rg7 Re3+
57.Kd4 Ra3 58.c5 Rxa4+ 59.Kc3 Rb4 60.c6 Rb8 61.c7 Ra8 62.Kb3 a4+ 63.Ka3 Kf3
64.Rf7+ Ke2 65.Rg7 Kf2 66.Rf7+ Ke2  1/2-1/2

[Event "5th TCh-Asia w"]
[Site "Visakhpatnam IND"]
[Date "2008.01.03"]
[Round "1"]
[White "Huang Qian"]
[Black "Soumya,Sw"]
[Result "1-0"]
[WhiteElo "2430"]
[BlackElo "2315"]

1.d4 Nf6 2.Bg5 Ne4 3.Bf4 c5 4.f3 Qa5+ 5.c3 Nf6 6.d5 d6 7.e4 g6 8.Nd2 Nbd7
9.Qc2 Bg7 10.Bd3 b5 11.Be2 Rb8 12.Nh3 Ne5 13.Nf2 c4 14.Be3 O-O 15.O-O h5
16.a4 a6 17.axb5 Qxb5 18.Rfb1 e6 19.Ra4 Bd7 20.Rb4 Qa5 21.f4 Neg4 22.Nxg4 Nxg4
23.Bxg4 hxg4 24.Nxc4 Qa2 25.Rxb8 Rxb8 26.Nb6 Rxb6 27.Bxb6 Ba4 28.Qc1 exd5
29.exd5 Qxd5 30.Be3 Qe4 31.Ra1 Bb5 32.Qd2 Bc4 33.Re1 Qb7 34.Bd4 Be6 35.Bxg7 Kxg7
36.b4 d5 37.Qd4+ Kg8 38.Qc5 Qb8 39.g3 Qd8 40.Ra1 g5 41.Rxa6 gxf4 42.gxf4 Qe8
43.Qe3  1-0

[Event "37th Rilton Cup"]
[Site "Stockholm SWE"]
[Date "2008.01.05"]
[Round "9"]
[White "Bellon Lopez,JuM"]
[Black "Jiretorn,E"]
[Result "1-0"]
[WhiteElo "2434"]
[BlackElo "2121"]

1.d4 Nf6 2.Bg5 Ne4 3.Bh4 c5 4.f3 g5 5.fxe4 gxh4 6.e3 Qb6 7.Nc3 Qxb2 8.Nb5 Qb4+
9.Kf2 Qa5 10.Qe1 Qxe1+ 11.Rxe1 Kd8 12.Nf3 f6 13.e5 a6 14.Nc3 Bg7 15.exf6 Bxf6
16.Nd5 b5 17.Nxf6 exf6 18.Nxh4 c4 19.Be2 Bb7 20.Bf3 Kc7 21.Rhf1 Bxf3 22.Kxf3 Nc6
23.Ke2 a5 24.Kd2 b4 25.Rxf6 a4 26.Rf5 Rhf8 27.a3 Rxf5 28.Nxf5 d5 29.axb4 Nxb4
30.Kc3 Nc6 31.g4 a3 32.Ra1 Kd7 33.e4 dxe4 34.Ne3 Ne7 35.Kxc4 Ke6 36.Kb3 Nd5
37.Ng2 Kf6 38.c4 Nb6 39.h4 h6 40.Ne3 Ke6 41.Rxa3  1-0

[Event "XXXIII Open"]
[Site "Sevilla ESP"]
[Date "2008.01.09"]
[Round "6"]
[White "Narciso Dublan,M"]
[Black "Pereira Figueroa,M"]
[Result "1-0"]
[WhiteElo "2513"]
[BlackElo "2181"]

1.d4 Nf6 2.Bg5 Ne4 3.Bf4 c5 4.f3 Qa5+ 5.c3 Nf6 6.Nd2 cxd4 7.Nb3 Qf5 8.Bxb8 Rxb8
9.Qxd4 b6 10.e4 Qg6 11.e5 Ng8 12.O-O-O Nh6 13.Bb5 Qe6 14.Nh3 Nf5 15.Qd3 g5
16.f4 h6 17.g4  1-0

[Event "TCh-AUT 1st Bundesliga 2007-8"]
[Site "Jenbach AUT"]
[Date "2008.01.11"]
[Round "5"]
[White "Stohl,I"]
[Black "Kreisl,R"]
[Result "1/2-1/2"]
[WhiteElo "2543"]
[BlackElo "2322"]

1.d4 Nf6 2.Bg5 Ne4 3.Bf4 d5 4.e3 c5 5.Bd3 Nc6 6.Bxe4 dxe4 7.d5 Nb4 8.Nc3 e6
9.d6 Nc6 10.Nxe4 e5 11.Bg5 Qa5+ 12.c3 Be6 13.Nf3 f6 14.Bxf6 gxf6 15.Nxf6+ Kf7
16.Ne4 h6 17.Nh4 Bg7 18.Qh5+ Kf8 19.Ng6+ Kg8 20.Nxh8 Kxh8 21.O-O Rf8 22.Rfd1 Bf5
23.Ng3 Bd7 24.Qe2 Qd8 25.Rd2 Qh4 26.Qh5 Qd8 27.h3 b6 28.Rad1 Kg8 29.a3 a5
30.Qe2 Qh4 31.e4 Nd8 32.Nf5 Qg5 33.Qg4 Ne6 34.Qxg5 hxg5 35.b3 Rb8 36.Nxg7 Kxg7
37.g3 Rh8 38.Kg2 Nf8 39.Rh1 Ng6 40.f3 Kf6 41.Kf2 Kf7 42.Ke3 Ke6 43.Rdd1  1/2-1/2

[Event "6th Parsvnath Open"]
[Site "New Delhi IND"]
[Date "2008.01.13"]
[Round "1"]
[White "Rahman,Tai"]
[Black "Pulekar,D"]
[Result "1-0"]
[WhiteElo "2325"]
[BlackElo "1802"]

1.d4 Nf6 2.Bg5 Ne4 3.Bf4 g6 4.f3 Nf6 5.e4 d6 6.Bc4 Nh5 7.Be3 a6 8.a4 Nc6
9.c3 Bd7 10.Ne2 e5 11.O-O Bg7 12.Na3 O-O 13.Ba2 Kh8 14.d5 Ne7 15.c4 f5 16.c5 h6
17.Nc4 dxc5 18.Bxc5 b6 19.Be3 fxe4 20.fxe4 Rxf1+ 21.Qxf1 Nf6 22.Nxe5 Be8
23.Bxh6 Nxe4 24.Bxg7+ Kxg7 25.Nd4 Ng5 26.Qf4 Nxd5 27.Qxg5 Qxg5 28.Ne6+ Kf6
29.Nxg5 Kxe5 30.Re1+ Kd6 31.Ne4+ Ke5 32.Nc3+ Kd4 33.Rd1+ Ke3 34.Nxd5+ Ke4
35.Nxc7 Bc6 36.Nxa8 Bxa8 37.Rd6  1-0